000 01031nam0a22003371 4500
001 v19\rc\1691394
005 20250619053452.0
035 _a(NLR Aleph) 004841931
090 _a4831301
_c4831301
100 _a20061002d1897 |||y0rusy50 ca
101 1 _arus
_ceng
102 _aRU
105 _ay z |||||
200 1 _aМозговая работа и переутомление
_eПер. с англ.
_f[Соч.] Д. Блэкка
210 _aСанкт-Петербург
_cФ. Павленков
_d1897
215 _a[2], II, 80 с.
_d18
700 1 _aДжейкс-Блэк
_bС.
_gСофи
790 1 _aДжекс-Блэк
_bС.
_gСофи
790 1 _aБлэк
_bС.
_gСофи
790 1 _aБлэкк
_bД.
801 0 _aRU
_bNLR
_gpsbo
801 0 _aRU
_bRuMoRGB
_2psbo
801 1 _aRU
_bProSoft-M
_2rusmarc
852 _aNLR
_j20.96.6.151
899 _aRuMoRGB
_jG 49/138
899 _aRuMoRGB
_jU 110/531
899 _aRuMoRGB
_jРб 33/1178
899 _aБАН
899 _aНБ МГУ
942 _cBOOK
980 _aNB